000
00314nam a2200109Ia 4500
008
200302s9999 xx 000 0 und d
100
_a
Seele
245
_a
Innovative design + construction / Manufacturing and design synergies in the building process
260
_b
Detail development
260
_c
2010
300
_a
112
999
_c
7318
_d
7318